Welcome to CU Library Online Public Access Catalogue (OPAC)

An Introduction to business (Record no. 5608)

MARC details
000 -LEADER
fixed length control field 00385nam a22001577a 4500
005 - DATE AND TIME OF LATEST TRANSACTION
control field 20250429180030.0
008 - FIXED-LENGTH DATA ELEMENTS--GENERAL INFORMATION
fixed length control field 250429b |||||||| |||| 00| 0 eng d
020 ## - INTERNATIONAL STANDARD BOOK NUMBER
International Standard Book Number 1070055157
050 ## - LIBRARY OF CONGRESS CALL NUMBER
Classification number HF5343
Item number BIT
100 ## - MAIN ENTRY--PERSONAL NAME
Personal name Bittel, Lester R.
245 ## - TITLE STATEMENT
Title An Introduction to business
250 ## - EDITION STATEMENT
Edition statement 2nd
260 ## - PUBLICATION, DISTRIBUTION, ETC.
Place of publication, distribution, etc. USA
Name of publisher, distributor, etc. McGraw-Hill, Inc.
Date of publication, distribution, etc. 1984
300 ## - PHYSICAL DESCRIPTION
Extent x, 530p
942 ## - ADDED ENTRY ELEMENTS (KOHA)
Source of classification or shelving scheme Library of Congress Classification
Koha item type Books
Suppress in OPAC No
999 ## -
-- 5608
-- 5608
Holdings
Withdrawn status Lost status Source of classification or shelving scheme Damaged status Not for loan Collection Home library Current library Shelving location Date acquired Total checkouts Full call number Barcode Date last seen Price effective from Koha item type
    Library of Congress Classification     Non-fiction Undergraduate Library (Christ Temple) Undergraduate Library (Christ Temple) General stacks 04/29/2025   HF5343 BIT ulct00002192 04/29/2025 04/29/2025 Books
© 2023-2024 Copyright: Central University Libraries. All Rights Reserved | Created by: Mahone Tech Office